[Event "XXXVII Olimpiadi"]
[Site "Torino ITA"]
[Date "2006.06.03"]
[Round "12.4"]
[White "Sanduleac, Vasile"]
[Black "Gelashvili, Tamaz"]
[Result "0-1"]
[WhiteElo "2492"]
[BlackElo "2576"]
[Annotator "GEO-MDA"]
[PlyCount "124"]
[EventDate "2006.05.21"]

1. e4 c5 2. Nf3 d6 3. Bb5+ Nd7 4. d4 Ngf6 5. Nc3 a6 6. Bxd7+ Nxd7 7. O-O e6 8.
d5 e5 9. a4 Be7 10. Nd2 O-O 11. Nc4 Nb6 12. Ne3 Bg5 13. Qe2 Bd7 14. Bd2 g6 15.
b3 f5 16. Nc4 Nxc4 17. Bxg5 Qxg5 18. bxc4 f4 19. f3 Rae8 20. Rfb1 Bc8 21. a5
Qf6 22. Na4 g5 23. Nb6 Rf7 24. Rb3 h5 25. Rab1 Qd8 26. h3 Rg7 27. Kf1 Ree7 28.
Ke1 Bd7 29. Kd2 Be8 30. Rh1 Rg6 31. Rbb1 Reg7 32. Rh2 Qf6 33. Rbh1 Rh6 34. Kc3
Qg6 35. Kb2 Rgh7 36. Kc3 Kf8 37. Kd3 Ke7 38. Qe1 Kd8 39. Qe2 g4 40. hxg4 hxg4
41. Rxh6 Rxh6 42. Rxh6 Qxh6 43. fxg4 Qh1 44. Qf3 Kc7 45. Kd2 Qa1 46. Qc3 Qg1
47. Qh3 Qd4+ 48. Qd3 Qf2+ 49. Qe2 Qg1 50. g5 Qa1 51. Na8+ Kb8 52. Qg4 Qxa5+ 53.
Ke2 Qc3 54. g6 Qxc2+ 55. Kf1 Qxc4+ 56. Kg1 Qxe4 57. Qh4 Kxa8 58. Qd8+ Ka7 59.
Qxe8 Qe1+ 60. Kh2 e4 61. Qe6 Qg3+ 62. Kh1 f3 0-1

[Event "XXXVII Olimpiadi"]
[Site "Torino ITA"]
[Date "2006.06.03"]
[Round "12.3"]
[White "Pazos Gambarrotti, Plinio"]
[Black "Brunello, Sabino"]
[Result "0-1"]
[WhiteElo "2371"]
[BlackElo "2339"]
[Annotator "ECU-ITA2"]
[PlyCount "66"]
[EventDate "2006.05.21"]

1. e4 e5 2. Nf3 Nc6 3. d4 exd4 4. Nxd4 Bc5 5. Be3 Qf6 6. c3 Nge7 7. g3 d5 8.
Bg2 dxe4 9. Nb5 Bxe3 10. Nxc7+ Kf8 11. fxe3 Rb8 12. Nd5 Qg5 13. Nf4 Bg4 14. Qc2
Qc5 15. O-O Qxe3+ 16. Rf2 g5 17. Ne2 Rd8 18. Na3 Rd2 19. Qb3 Be6 20. Nc4 Qc5
21. Nxd2 Bxb3 22. Nxb3 Qe3 23. Raf1 h5 24. Kh1 h4 25. gxh4 Ne5 26. Ned4 Rxh4
27. Nc5 g4 28. Re2 Qh6 29. Rxe4 Rxh2+ 30. Kg1 Rxg2+ 31. Kxg2 Qh3+ 32. Kg1 Qg3+
33. Kh1 Nf3 0-1

[Event "XXXVII Olimpiadi"]
[Site "Torino ITA"]
[Date "2006.06.03"]
[Round "12.3"]
[White "Goh, Koon Jong Jason"]
[Black "Sirias, Danilo"]
[Result "1/2-1/2"]
[WhiteElo "2386"]
[BlackElo "2309"]
[Annotator "SIN-NCA"]
[PlyCount "70"]
[EventDate "2006.05.21"]

1. d4 Nf6 2. c4 e6 3. Nc3 Bb4 4. e3 O-O 5. Nge2 d5 6. a3 Be7 7. cxd5 exd5 8. b4
c6 9. Ng3 Re8 10. Bd3 Nbd7 11. O-O Nf8 12. Nf5 Bxf5 13. Bxf5 Bd6 14. Bd3 Ng6
15. Ra2 Qc7 16. g3 Re7 17. f3 a5 18. b5 c5 19. Rc2 Qd8 20. Ne2 Qb6 21. a4 Rae8
22. Kh1 Nf8 23. Bd2 Ne6 24. Be1 g6 25. Rc1 Rc7 26. Bf2 Rec8 27. Qd2 cxd4 28.
exd4 Bb4 29. Qb2 Qd6 30. Qb1 Nd7 31. g4 Nb6 32. Bg3 Rxc1 33. Rxc1 Qd7 34. Rxc8+
Qxc8 35. Qd1 Kg7 1/2-1/2

[Event "XXXVII Olimpiadi"]
[Site "Torino ITA"]
[Date "2006.06.03"]
[Round "12.3"]
[White "Nakapunda, Otto Zandell"]
[Black "Gautam, Asheesh"]
[Result "1-0"]
[WhiteElo "2082"]
[BlackElo "1955"]
[Annotator "NAM-FIJ"]
[PlyCount "93"]
[EventDate "2006.05.21"]

1. d4 Nf6 2. c4 g6 3. Nc3 Bg7 4. g3 d6 5. Nf3 O-O 6. Bg2 c6 7. O-O Bg4 8. d5
Bxf3 9. exf3 c5 10. Qb3 b6 11. Bh3 Re8 12. Re1 Nbd7 13. f4 a6 14. a4 Qc7 15.
Bd2 Rab8 16. Re2 Nf8 17. Rae1 Rb7 18. Qc2 h6 19. Qd3 N8h7 20. Bg2 Qd7 21. h3
Nf8 22. g4 Rc7 23. g5 N6h7 24. h4 hxg5 25. fxg5 Bxc3 26. Bxc3 Qxa4 27. b3 Qd7
28. Bh3 Qd8 29. Ba1 Nd7 30. Qc3 f6 31. gxf6 Ndxf6 32. Qg3 e5 33. dxe6 Qe7 34.
Rd1 Nf8 35. Qc3 Kg7 36. Qf3 N8h7 37. Qf4 b5 38. Rxd6 bxc4 39. bxc4 Ra8 40. Qf3
Raa7 41. Rd7 Rxd7 42. exd7 Qd6 43. Re8 Rxd7 44. Bxd7 Qxd7 45. Rb8 Qd6 46. Rb7+
Kh6 47. Bxf6 1-0

[Event "XXXVII Olimpiadi"]
[Site "Torino ITA"]
[Date "2006.06.04"]
[Round "13.3"]
[White "Zhao, Zong-Yuan"]
[Black "Pacheco Vivanco, Marco"]
[Result "1-0"]
[WhiteElo "2452"]
[BlackElo "2331"]
[Annotator "AUS-PER"]
[PlyCount "83"]
[EventDate "2006.05.21"]

1. d4 Nf6 2. c4 e6 3. Nc3 Bb4 4. e3 O-O 5. Bd3 b6 6. Nge2 Bb7 7. a3 Bxc3+ 8.
Nxc3 d5 9. cxd5 exd5 10. b4 Nbd7 11. Qb3 Re8 12. O-O Nf8 13. a4 Ne4 14. a5 a6
15. f3 Nf6 16. Bd2 b5 17. Qc2 Qd6 18. Ne2 Re7 19. Nc1 Rae8 20. Nb3 h6 21. Rac1
c6 22. Rfe1 Ne6 23. Bf5 Nd7 24. Bc3 g6 25. Bd3 f5 26. Nc5 Ndxc5 27. dxc5 Qd7
28. Bf6 Rf7 29. Bb2 Rfe7 30. Qc3 Kh7 31. Kf2 Bc8 32. g3 Rf7 33. h4 Ng7 34. Rg1
Nh5 35. Qd4 Qc7 36. Rce1 Nf6 37. Ke2 Nh5 38. Kd2 Nxg3 39. Rg2 Nh5 40. Reg1 Rf6
41. f4 Qf7 42. Be2 1-0

[Event "XXXVII Olimpiadi"]
[Site "Torino ITA"]
[Date "2006.06.04"]
[Round "13.1"]
[White "Damaso Pereira De Almeida, Rui Miguel"]
[Black "Mateo, Ramon"]
[Result "1-0"]
[WhiteElo "2452"]
[BlackElo "2401"]
[Annotator "POR-DOM"]
[PlyCount "91"]
[EventDate "2006.05.21"]

1. d4 Nf6 2. Nf3 b5 3. Bg5 Bb7 4. Nbd2 a6 5. c3 e6 6. e4 Be7 7. Bd3 Nc6 8. O-O
d6 9. b4 Nd7 10. Bxe7 Nxe7 11. a4 c6 12. c4 O-O 13. Qc2 Qb8 14. c5 dxc5 15.
dxc5 Ng6 16. Nb3 e5 17. Na5 Qc7 18. Rfd1 Nf6 19. Bf1 Bc8 20. Rd6 Bd7 21. Rad1
Rfe8 22. g3 Re7 23. axb5 axb5 24. Qd3 h6 25. Ne1 Ra6 26. Nc2 Nf8 27. Ne3 Ra7
28. Nf5 Bxf5 29. exf5 Ra6 30. Qf3 e4 31. Qf4 e3 32. fxe3 Re4 33. Qf3 Rxb4 34.
Nxc6 Rb2 35. Ne7+ Qxe7 36. Rxa6 Qxc5 37. Rc6 Qe7 38. Rc8 Rb3 39. Rdd8 N6d7 40.
Kg2 Rb2+ 41. Kh3 Kh7 42. f6 Qe6+ 43. g4 g6 44. Rxf8 Nxf8 45. Rxf8 h5 46. Qf4
1-0

[Event "XXXVII Olimpiadi"]
[Site "Torino ITA"]
[Date "2006.06.04"]
[Round "13.2"]
[White "Gonzalez Garcia, Jose'"]
[Black "Doghri, Nabil"]
[Result "1-0"]
[WhiteElo "2494"]
[BlackElo "2364"]
[Annotator "TUN-MEX"]
[PlyCount "87"]
[EventDate "2006.05.21"]

1. d4 d5 2. c4 e6 3. Nc3 Nf6 4. cxd5 exd5 5. Bg5 c6 6. Qc2 Be7 7. e3 Nbd7 8.
Bd3 Nh5 9. Bxe7 Qxe7 10. Nge2 g6 11. O-O O-O 12. Rae1 f5 13. Nc1 Ndf6 14. f3
Bd7 15. a3 Qd6 16. Qd2 f4 17. e4 dxe4 18. Bc4+ Be6 19. Nxe4 Nxe4 20. Bxe6+ Qxe6
21. Rxe4 Qd6 22. Rfe1 Rad8 23. Nb3 Ng7 24. Qc1 Rf7 25. Nc5 g5 26. Qc3 h6 27. b4
Qd5 28. Nd3 Nf5 29. Ne5 Rff8 30. Ng6 Rf7 31. Ne5 Rff8 32. Ng6 Rf7 33. Ne5 Rff8
34. Ng4 Rd6 35. Rd1 h5 36. Re5 Qa2 37. Nf2 Rd5 38. Ra1 Rxe5 39. Rxa2 Nxd4 40.
Ne4 Rd5 41. Rd2 Nb5 42. Qb3 Rff5 43. a4 Nc7 44. Nc3 1-0

[Event "XXXVII Olimpiadi"]
[Site "Torino ITA"]
[Date "2006.06.04"]
[Round "13.2"]
[White "Shytaj, Luca"]
[Black "Jones, Richard S."]
[Result "0-1"]
[WhiteElo "2433"]
[BlackElo "2308"]
[Annotator "WLS-ALB"]
[PlyCount "124"]
[EventDate "2006.05.21"]

1. e4 c5 2. Nf3 d6 3. d4 cxd4 4. Nxd4 Nf6 5. Nc3 a6 6. Bg5 e6 7. f4 Nbd7 8. Qf3
Qc7 9. O-O-O b5 10. e5 Bb7 11. Qh3 dxe5 12. Nxe6 fxe6 13. Qxe6+ Be7 14. Nxb5
axb5 15. Bxb5 Rd8 16. fxe5 Bd5 17. Rxd5 Nxd5 18. Rd1 Qb6 19. Bc6 Qxc6 20. Qxc6
Bxg5+ 21. Kb1 Ne7 22. Qb5 O-O 23. a4 Nb8 24. Rd6 Kh8 25. g3 Rc8 26. h4 Be3 27.
a5 Nbc6 28. Rd7 Bd4 29. c3 Bxc3 30. Rb7 Bd4 31. a6 Rb8 32. e6 Rxb7 33. axb7 Rb8
34. g4 Kg8 35. g5 g6 36. Qf1 Rf8 37. Qc4 Be5 38. Qc5 Rf5 39. b4 Bb8 40. Qb6 Rd5
41. Qf2 Rf5 42. Qb6 Kg7 43. b5 Na7 44. Qd4+ Re5 45. Qd7 Rxb5+ 46. Ka2 Nac6 47.
Qe8 Rf5 48. Qd7 Re5 49. Qc8 Re4 50. h5 gxh5 51. Qe8 Rxe6 52. Qxh5 Re5 53. Qh6+
Kg8 54. Qf6 Nd8 55. Qb6 Nec6 56. Qg1 Kg7 57. Qg4 Ra5+ 58. Kb3 Rb5+ 59. Kc2 Rxb7
60. Qh5 Nf7 61. Qg4 Nce5 62. Qf5 Rb6 0-1

[Event "XXXVII Olimpiadi"]
[Site "Torino ITA"]
[Date "2006.06.04"]
[Round "13.3"]
[White "Obada, Ahmad Azeez Jawad"]
[Black "Wang, Puchen"]
[Result "1/2-1/2"]
[WhiteElo "2329"]
[BlackElo "2259"]
[Annotator "IRQ-NZL"]
[PlyCount "47"]
[EventDate "2006.05.21"]

1. e4 d5 2. exd5 Qxd5 3. Nc3 Qa5 4. d4 Nf6 5. Bc4 Bg4 6. Nge2 e6 7. O-O Nbd7 8.
Bd2 c6 9. f3 Bf5 10. Ng3 Bg6 11. Bb3 Qc7 12. Nge4 Be7 13. Kh1 O-O 14. Qe2 Nd5
15. Nd1 b5 16. Ndf2 Nf4 17. Qe3 Nd5 18. Qe2 Nf4 19. Qe1 Nf6 20. g3 N4d5 21. Nd3
Nxe4 22. fxe4 Nf6 23. e5 Ne4 24. Be3 1/2-1/2

[Event "XXXVII Olimpiadi"]
[Site "Torino ITA"]
[Date "2006.06.04"]
[Round "13.4"]
[White "Cilia Vincenti, David"]
[Black "Rowe, Duane"]
[Result "1/2-1/2"]
[WhiteElo "2129"]
[BlackElo "2160"]
[Annotator "JAM-MLT"]
[PlyCount "93"]
[EventDate "2006.05.21"]

1. d4 Nf6 2. c4 Nc6 3. Nc3 e5 4. d5 Ne7 5. e4 Ng6 6. Be3 Bb4 7. f3 O-O 8. Nge2
d6 9. h4 Bc5 10. Bxc5 dxc5 11. h5 Ne7 12. Qd2 Ne8 13. g4 Nd6 14. Ng3 f6 15. Bd3
a6 16. Qe3 b6 17. a3 a5 18. a4 Bd7 19. b3 Nf7 20. O-O-O Nc8 21. Be2 Ncd6 22.
Rde1 Kh8 23. Kc2 Qe8 24. f4 exf4 25. Qxf4 Qe5 26. Rhf1 Rae8 27. Bd1 Ng5 28.
Qxe5 Rxe5 29. Kd3 h6 30. Re3 Rfe8 31. Rfe1 Nh3 32. Rf1 Ng5 33. Rfe1 Kg8 34. Nf5
Kf8 35. Nh4 Ke7 36. Ng6+ Kd8 37. Nxe5 Rxe5 38. Nb1 Ndf7 39. Nd2 Ke7 40. Nf1 Kd6
41. Ng3 Re8 42. Nf5+ Bxf5 43. exf5 Ne5+ 44. Kc3 Ngf7 45. Rg1 Rh8 46. Rge1 Re8
47. Rg1 1/2-1/2

[Event "XXXVII Olimpiadi femminile"]
[Site "Torino ITA"]
[Date "2006.05.21"]
[Round "1.1"]
[White "Mira, Helene"]
[Black "Hoang, Thanh Trang"]
[Result "0-1"]
[WhiteElo "2140"]
[BlackElo "2487"]
[Annotator "AUT-HUN"]
[PlyCount "76"]
[EventDate "2006.05.21"]

1. Nf3 f5 2. d4 Nf6 3. g3 g6 4. Bg2 Bg7 5. O-O O-O 6. c4 d6 7. Nc3 Nc6 8. d5
Ne5 9. Nxe5 dxe5 10. Qb3 e4 11. f3 exf3 12. exf3 e5 13. dxe6 Qd4+ 14. Kh1 Bxe6
15. Qxb7 Bxc4 16. Rd1 Qb6 17. Qxb6 axb6 18. Bf4 c5 19. Bf1 Bxf1 20. Rxf1 Nh5
21. Bd6 Rf7 22. Rfe1 Rd7 23. Be5 Rd2 24. Bxg7 Nxg7 25. Rad1 Rad8 26. Kg1 Kf7
27. Kf1 Ne6 28. Rxd2 Rxd2 29. Re2 Rd3 30. f4 Nd4 31. Re5 Rd2 32. Na4 Rxh2 33.
Nxb6 Rxb2 34. Nd7 c4 35. Rc5 Ne2 36. Ne5+ Ke6 37. a4 Nxg3+ 38. Ke1 Rb1+ 0-1

[Event "XXXVII Olimpiadi femminile"]
[Site "Torino ITA"]
[Date "2006.05.21"]
[Round "1.2"]
[White "Madl, Ildiko"]
[Black "Kopinits, Anna-Christina"]
[Result "1-0"]
[WhiteElo "2387"]
[BlackElo "2078"]
[Annotator "AUT-HUN"]
[PlyCount "71"]
[EventDate "2006.05.21"]

1. e4 c5 2. Nf3 Nc6 3. d4 cxd4 4. Nxd4 Nf6 5. Nc3 e5 6. Ndb5 d6 7. Bg5 a6 8.
Na3 b5 9. Nd5 Be7 10. Bxf6 Bxf6 11. c3 O-O 12. Nc2 Bg5 13. a4 bxa4 14. Rxa4 a5
15. Bc4 Rb8 16. b3 Kh8 17. Nce3 Bxe3 18. Nxe3 Ne7 19. O-O Bb7 20. Qd3 Bc6 21.
Ra3 f5 22. exf5 d5 23. Ba6 Qb6 24. Rfa1 d4 25. cxd4 exd4 26. Nc2 Nxf5 27. Rxa5
Qxb3 28. Qxb3 Rxb3 29. Rxf5 Rxf5 30. Nxd4 Rxf2 31. Kxf2 Rb2+ 32. Be2 Bd5 33.
Ra5 Bb7 34. g3 g6 35. Ra7 Kg7 36. Nb5 1-0

[Event "XXXVII Olimpiadi femminile"]
[Site "Torino ITA"]
[Date "2006.05.21"]
[Round "1.1"]
[White "Siti, Zulaikha"]
[Black "Zhao, Xue"]
[Result "0-1"]
[WhiteElo "2169"]
[BlackElo "2423"]
[Annotator "MAS-CHN"]
[PlyCount "68"]
[EventDate "2006.05.21"]

1. e4 c5 2. Nc3 d6 3. f4 g6 4. d4 cxd4 5. Qxd4 Nf6 6. e5 Nc6 7. Bb5 Nh5 8. Nf3
Bg7 9. O-O O-O 10. Qe4 Bf5 11. Qe2 Nxe5 12. fxe5 Bg4 13. Bc6 bxc6 14. exd6 exd6
15. Qf2 Qb6 16. h3 Bxf3 17. Qxb6 axb6 18. Rxf3 f5 19. a3 Rfe8 20. Bd2 d5 21.
Re1 Nf6 22. Rxe8+ Rxe8 23. Be3 c5 24. Bf2 d4 25. Na4 Re2 26. c3 Ne4 27. cxd4
cxd4 28. Bh4 b5 29. Nb6 Rxb2 30. Nd5 Rb1+ 31. Rf1 Rb3 32. Rf3 d3 33. Be7 d2 34.
Rf1 Rd3 0-1

[Event "XXXVII Olimpiadi femminile"]
[Site "Torino ITA"]
[Date "2006.05.21"]
[Round "1.3"]
[White "Zullkafli, Nur Shazwani"]
[Black "Hou, Yifan"]
[Result "0-1"]
[WhiteElo "2108"]
[BlackElo "2298"]
[Annotator "MAS-CHN"]
[PlyCount "78"]
[EventDate "2006.05.21"]

1. e4 c5 2. Nf3 d6 3. d4 cxd4 4. Nxd4 Nf6 5. Nc3 Nc6 6. Be2 e5 7. Nb3 Be7 8.
O-O O-O 9. Be3 Be6 10. Kh1 a5 11. a4 d5 12. exd5 Nxd5 13. Nxd5 Bxd5 14. f3 Rc8
15. c4 Be6 16. Nc5 Bf5 17. Qxd8 Nxd8 18. Ne4 Bxe4 19. fxe4 Ne6 20. Rad1 Bc5 21.
Bd2 Bb4 22. Be3 Bc5 23. Bd2 Bb6 24. Bc3 Bd4 25. Bxa5 Bxb2 26. Bb4 Rfd8 27. Rb1
Bd4 28. Rfc1 Be3 29. Rd1 Rxd1+ 30. Rxd1 Ng5 31. Bf3 h6 32. c5 Rc6 33. Rd5 Bd4
34. Bg4 g6 35. Bd7 Rf6 36. h3 Rf1+ 37. Kh2 Bg1+ 38. Kg3 Nxe4+ 39. Kh4 g5+ 0-1

[Event "XXXVII Olimpiadi femminile"]
[Site "Torino ITA"]
[Date "2006.05.21"]
[Round "1.1"]
[White "Danielian, Elina"]
[Black "Vovk, Oksana"]
[Result "1-0"]
[WhiteElo "2422"]
[BlackElo "2164"]
[Annotator "ARM-DEN"]
[PlyCount "61"]
[EventDate "2006.05.21"]

1. d4 Nf6 2. Nf3 e6 3. e3 b6 4. Bd3 Bb7 5. O-O Be7 6. c4 O-O 7. Nc3 d5 8. b3
Nbd7 9. Bb2 c5 10. Qe2 dxc4 11. Bxc4 Qc7 12. Rac1 Rac8 13. Rfd1 Rfd8 14. Ba3
Qb8 15. e4 Bf8 16. e5 cxd4 17. Bxf8 Nxf8 18. Nxd4 Nd5 19. Bxd5 Bxd5 20. Nxd5
Rxd5 21. Nc6 Rxc6 22. Rxc6 Qxe5 23. Qf1 Qb2 24. Rxd5 exd5 25. g3 Qxa2 26. Qd1
d4 27. Rc8 g6 28. h4 h5 29. Qxd4 Qxb3 30. Qd6 Qb1+ 31. Kh2 1-0

[Event "XXXVII Olimpiadi femminile"]
[Site "Torino ITA"]
[Date "2006.05.21"]
[Round "1.3"]
[White "Andriasian, Siranush"]
[Black "Bekker-Jensen, Anne"]
[Result "1-0"]
[WhiteElo "2237"]
[BlackElo "2015"]
[Annotator "ARM-DEN"]
[PlyCount "49"]
[EventDate "2006.05.21"]

1. e4 c5 2. Nf3 d6 3. d4 cxd4 4. Nxd4 Nf6 5. Nc3 a6 6. Rg1 e6 7. g4 b5 8. g5
Nfd7 9. a3 Bb7 10. Be3 Nc6 11. f4 Rc8 12. Qd2 Nb6 13. O-O-O Nc4 14. Bxc4 bxc4
15. f5 e5 16. Nxc6 Bxc6 17. Nd5 Bxd5 18. Qxd5 Qc7 19. g6 hxg6 20. fxg6 f6 21.
Qe6+ Be7 22. Bb6 Qb8 23. Rxd6 Qxd6 24. Qxc8+ Bd8 25. Rd1 1-0

[Event "XXXVII Olimpiadi femminile"]
[Site "Torino ITA"]
[Date "2006.05.21"]
[Round "1.1"]
[White "Sedina, Elena"]
[Black "Frick, Denise"]
[Result "1-0"]
[WhiteElo "2373"]
[BlackElo "1907"]
[Annotator "ITA1-RSA"]
[PlyCount "51"]
[EventDate "2006.05.21"]

1. e4 c5 2. Nf3 e6 3. c3 Nf6 4. e5 Nd5 5. Bc4 Nb6 6. Bb3 Nc6 7. d4 cxd4 8. cxd4
d6 9. exd6 Qxd6 10. Nc3 Na5 11. Bc2 Be7 12. O-O Nd5 13. Re1 Nc6 14. a3 a5 15.
Qd3 h6 16. Ne5 Bf6 17. Nc4 Qd8 18. Nxd5 Qxd5 19. Nb6 Qd8 20. Nxa8 Bd7 21. d5
Na7 22. dxe6 fxe6 23. Qd6 Qxa8 24. Bg6+ Kd8 25. Rd1 Qc8 26. Be3 1-0

[Event "XXXVII Olimpiadi femminile"]
[Site "Torino ITA"]
[Date "2006.05.21"]
[Round "1.3"]
[White "Ambrosi, Eleonora"]
[Black "Moodliar, Suvania"]
[Result "1-0"]
[WhiteElo "2136"]
[BlackElo "1859"]
[Annotator "ITA1-RSA"]
[PlyCount "86"]
[EventDate "2006.05.21"]

1. e4 e6 2. d4 d5 3. Nc3 Nf6 4. e5 Nfd7 5. f4 c5 6. Nf3 Nc6 7. Be3 a6 8. Qd2 b5
9. dxc5 Bxc5 10. Bxc5 Nxc5 11. Qf2 Qb6 12. b4 Nd7 13. Qxb6 Nxb6 14. a3 Nc4 15.
Bd3 O-O 16. O-O Bd7 17. Ne2 Rfc8 18. Ned4 Nxd4 19. Nxd4 Ra7 20. Nb3 a5 21. Rfb1
axb4 22. axb4 Rca8 23. Rxa7 Rxa7 24. Kf2 g6 25. Ra1 Rxa1 26. Nxa1 Kg7 27. Nb3
Bc6 28. Bxc4 bxc4 29. Nd4 Bd7 30. Ke3 Kf8 31. b5 Ke8 32. b6 Kd8 33. Nf3 h6 34.
Kd4 Ba4 35. c3 Bd1 36. Nd2 Kd7 37. Kc5 g5 38. fxg5 hxg5 39. Nf1 Bc2 40. Ng3 Kc8
41. Ne2 Kb7 42. Nd4 Bg6 43. Nb5 Be4 1-0

[Event "XXXVII Olimpiadi femminile"]
[Site "Torino ITA"]
[Date "2006.05.21"]
[Round "1.1"]
[White "Lomibao, Sheerie Joy"]
[Black "Kachiani-Gersinska, Ketino"]
[Result "0-1"]
[WhiteElo "2163"]
[BlackElo "2421"]
[Annotator "PHI-GER"]
[PlyCount "89"]
[EventDate "2006.05.21"]

1. e4 e5 2. Nf3 Nc6 3. Bb5 a6 4. Ba4 Nf6 5. O-O Be7 6. Re1 b5 7. Bb3 d6 8. c3
O-O 9. h3 Nb8 10. d4 Nbd7 11. d5 Bb7 12. Nbd2 c6 13. dxc6 Bxc6 14. Bc2 Qc7 15.
Nf1 Nc5 16. Ng3 Rfe8 17. Nh2 g6 18. Bh6 Rad8 19. Qe2 Ne6 20. Bb3 d5 21. exd5
Nxd5 22. Ng4 Nc5 23. Qxe5 Qxe5 24. Nxe5 Bb7 25. c4 Nxb3 26. axb3 Nb4 27. Red1
Bf6 28. f4 Nc2 29. Rac1 Ne3 30. Rxd8 Rxd8 31. Ng4 Bxb2 32. Rb1 Nxg4 33. hxg4
Rd2 34. Re1 Bd4+ 35. Kh2 f5 36. gxf5 Bxg2 37. Re8+ Kf7 38. Rf8+ Ke7 39. fxg6
Bf1+ 40. Kh1 Bg2+ 41. Kh2 hxg6 42. f5 Rb2 43. cxb5 Bf1+ 44. Kh1 Bxb5 45. Rc8
0-1

[Event "XXXVII Olimpiadi femminile"]
[Site "Torino ITA"]
[Date "2006.05.21"]
[Round "1.3"]
[White "Cua, Sherily"]
[Black "Juergens, Vera"]
[Result "1/2-1/2"]
[WhiteElo "1954"]
[BlackElo "2330"]
[Annotator "PHI-GER"]
[PlyCount "137"]
[EventDate "2006.05.21"]

1. d4 d5 2. Nf3 c6 3. g3 Nf6 4. Bg2 Bf5 5. O-O e6 6. c4 Nbd7 7. Nbd2 h6 8. b3
Be7 9. Bb2 O-O 10. Ne5 Bh7 11. a3 a5 12. Re1 Nxe5 13. dxe5 Nd7 14. cxd5 cxd5
15. e4 Nc5 16. Bd4 Nd3 17. Re3 dxe4 18. Nxe4 Qxd4 19. Rxd3 Qxe5 20. Re3 Rfd8
21. Qe1 Rac8 22. Nc3 Qc7 23. Nd5 Rxd5 24. Bxd5 Bf6 25. Ra2 Bd4 26. Re4 Bxe4 27.
Bxe4 Qb6 28. Rc2 Rd8 29. b4 f5 30. Bg2 axb4 31. Qxb4 Qxb4 32. axb4 b6 33. Bb7
Kf7 34. Kg2 g5 35. h3 Rd7 36. Bc8 Rd6 37. Rc7+ Ke8 38. Bb7 e5 39. Rc6 Ke7 40.
Rxd6 Kxd6 41. g4 fxg4 42. hxg4 b5 43. Kf3 Bc3 44. Ba6 Kc6 45. Ke4 Bxb4 46. Kxe5
Be1 47. f3 Kc5 48. Ke4 Bg3 49. Kd3 Be5 50. Kc2 Kc4 51. Bb7 b4 52. Be4 b3+ 53.
Kb1 Kc3 54. Bd5 b2 55. Be4 Kd2 56. Bd5 Ke3 57. Bb7 Kf4 58. Bc6 Bd4 59. Bb7 Ke5
60. Ba8 Bc3 61. Bb7 Kd6 62. Be4 Kc5 63. Ba8 Kd6 64. Be4 Ke5 65. Bb7 Kf4 66. Bc6
Be5 67. Bb7 Bf6 68. Ba8 Ke5 69. Bb7 1/2-1/2

[Event "XXXVII Olimpiadi femminile"]
[Site "Torino ITA"]
[Date "2006.05.21"]
[Round "1.2"]
[White "Delai, Paula Fernanda"]
[Black "Harika, Dronavalli"]
[Result "0-1"]
[WhiteElo "2042"]
[BlackElo "2358"]
[Annotator "IND-BRA"]
[PlyCount "58"]
[EventDate "2006.05.21"]

1. e4 c5 2. Nf3 Nc6 3. d4 cxd4 4. Nxd4 e5 5. Nb5 d6 6. a4 Be6 7. N1c3 a6 8. Na3
Rc8 9. Bc4 Bxc4 10. Nxc4 Nd4 11. Ne3 Nf6 12. O-O Be7 13. Qd3 O-O 14. Rd1 Qe8
15. a5 Bd8 16. Bd2 Qc6 17. Ra4 Qe8 18. Nc4 Bc7 19. Be3 Nb5 20. b3 Nxc3 21. Qxc3
Nxe4 22. Qb4 Qb5 23. f3 Nf6 24. Qe1 d5 25. Nb6 Bxb6 26. Bxb6 Rxc2 27. Qxe5 Re8
28. Qg3 Qe2 29. Rad4 Nh5 0-1

[Event "XXXVII Olimpiadi femminile"]
[Site "Torino ITA"]
[Date "2006.05.21"]
[Round "1.3"]
[White "Swathi, Ghate"]
[Black "Chaves, Joara"]
[Result "1-0"]
[WhiteElo "2262"]
[BlackElo "2035"]
[Annotator "IND-BRA"]
[PlyCount "77"]
[EventDate "2006.05.21"]

1. e4 e5 2. Nf3 Nc6 3. Bb5 a6 4. Ba4 Nf6 5. O-O Be7 6. Re1 b5 7. Bb3 d6 8. c3
O-O 9. d4 Bg4 10. Be3 exd4 11. cxd4 Na5 12. Bc2 Nc4 13. Bc1 c5 14. b3 Nb6 15.
Nbd2 Rc8 16. h3 Bd7 17. Nf1 Re8 18. Ng3 h6 19. e5 dxe5 20. dxe5 Nfd5 21. Qd3 g6
22. e6 Bxe6 23. Rxe6 Bf6 24. Rxe8+ Qxe8 25. Rb1 Nb4 26. Qe4 Nxa2 27. Bxh6 c4
28. Re1 Qd7 29. Ne5 Qe6 30. Ng4 Qc6 31. Qxc6 Rxc6 32. Re8+ Kh7 33. Ne4 Nd7 34.
bxc4 Nb4 35. Bb3 g5 36. cxb5 axb5 37. Bxf7 Nc2 38. Be6 Rc7 39. Bf5# 1-0

[Event "XXXVII Olimpiadi femminile"]
[Site "Torino ITA"]
[Date "2006.05.21"]
[Round "1.1"]
[White "Perez, Eneida"]
[Black "Voiska, Margarita"]
[Result "0-1"]
[WhiteElo "2110"]
[BlackElo "2314"]
[Annotator "DOM-BUL"]
[PlyCount "98"]
[EventDate "2006.05.21"]

1. d4 e6 2. e3 c5 3. c3 b6 4. f4 Nf6 5. Nf3 Bb7 6. Bd3 Qc8 7. O-O Ba6 8. Qe2
Bxd3 9. Qxd3 Nc6 10. Nbd2 Be7 11. Ng5 h6 12. Nge4 Nxe4 13. Nxe4 f5 14. Nf2 d5
15. Qe2 O-O 16. Qh5 Qe8 17. Qh3 Na5 18. g4 Qg6 19. Kh1 fxg4 20. Qxg4 Qxg4 21.
Nxg4 Nc4 22. b3 Nd6 23. dxc5 bxc5 24. Ba3 Rac8 25. Rac1 Nb5 26. Bb2 c4 27. a4
Nd6 28. b4 Ne4 29. Nf2 Nd2 30. Rfd1 Nb3 31. Rc2 a5 32. b5 Bc5 33. Re2 Rf7 34.
Ng4 Bd6 35. Rg2 Kh7 36. e4 Bxf4 37. exd5 Rd8 38. Rf1 Rxd5 39. b6 Rdf5 40. Re1
Nc5 41. Ba3 Nxa4 42. Rxe6 h5 43. Ne3 Bxe3 44. Rxe3 Nxb6 45. Re6 Nd5 46. Rc6 Ne3
47. Rg1 Rf1 48. Rcg6 Ng4 49. Rg5 Nf2+ 0-1

[Event "XXXVII Olimpiadi femminile"]
[Site "Torino ITA"]
[Date "2006.05.21"]
[Round "1.2"]
[White "Djingarova, Emilia"]
[Black "De La Cruz, Mercedes"]
[Result "1-0"]
[WhiteElo "2319"]
[BlackElo "2101"]
[Annotator "DOM-BUL"]
[PlyCount "43"]
[EventDate "2006.05.21"]

1. e4 c5 2. Nf3 e6 3. Nc3 a6 4. d4 cxd4 5. Nxd4 Qc7 6. Be2 Nf6 7. O-O Be7 8.
Kh1 d6 9. f4 b5 10. Bf3 Nfd7 11. e5 d5 12. f5 Nc5 13. fxe6 fxe6 14. Nxd5 exd5
15. Bxd5 Bb7 16. Bf7+ Kf8 17. b4 Qxe5 18. bxc5 Bf6 19. Bb3 Qe4 20. Ne6+ Ke8 21.
Nc7+ Kf8 22. Qd8+ 1-0

[Event "XXXVII Olimpiadi femminile"]
[Site "Torino ITA"]
[Date "2006.05.21"]
[Round "1.3"]
[White "Jose' Polanco, Kenia"]
[Black "Velcheva, Maria"]
[Result "0-1"]
[WhiteElo "2025"]
[BlackElo "2279"]
[Annotator "DOM-BUL"]
[PlyCount "72"]
[EventDate "2006.05.21"]

1. d4 d5 2. c4 c6 3. e3 Nf6 4. Nc3 e6 5. a3 Nbd7 6. Nf3 Bd6 7. cxd5 exd5 8. Bd3
O-O 9. O-O Re8 10. Qc2 Qe7 11. b4 a6 12. Na4 Ne4 13. Nc5 Ndf6 14. Bb2 h6 15. h3
Ng5 16. Nxg5 hxg5 17. Rae1 b6 18. Na4 Rb8 19. Bf5 g4 20. Bxc8 Rexc8 21. Qf5 g6
22. Qd3 gxh3 23. gxh3 Ne4 24. f4 Qh4 25. Qc2 Qxh3 26. Qg2 Qxg2+ 27. Kxg2 a5 28.
bxa5 bxa5 29. Re2 Rb3 30. Nc5 Bxc5 31. dxc5 f6 32. Rh1 Rcb8 33. Bd4 Rxa3 34.
Kf3 Rb4 35. Bb2 Ra2 36. Ba1 Rxe2 0-1

[Event "XXXVII Olimpiadi femminile"]
[Site "Torino ITA"]
[Date "2006.05.21"]
[Round "1.1"]
[White "Foisor, Cristina-Adela"]
[Black "Zepeda Cortez, Lorena Marisela"]
[Result "1-0"]
[WhiteElo "2392"]
[BlackElo "2122"]
[Annotator "ROU-ESA"]
[PlyCount "73"]
[EventDate "2006.05.21"]

1. c4 e6 2. g3 d5 3. Bg2 c6 4. Nf3 dxc4 5. a4 Nd7 6. Qc2 Ngf6 7. O-O Be7 8. Na3
Nb6 9. a5 Nbd5 10. Nxc4 O-O 11. d4 Bd7 12. Bg5 Rc8 13. Qb3 b5 14. axb6 axb6 15.
Bxf6 gxf6 16. e4 b5 17. Ne3 Nxe3 18. Qxe3 Qb6 19. h4 Rfe8 20. Rfd1 Kh8 21. Ne1
Ra8 22. Nd3 Ra7 23. Nc5 e5 24. b4 Rxa1 25. Rxa1 Bxc5 26. bxc5 Qd8 27. d5 Kg7
28. Ra7 Qc8 29. Kh2 Rd8 30. Qa3 Qb8 31. Ra6 b4 32. Qa5 Qc8 33. Rb6 f5 34. Qxb4
fxe4 35. Qxe4 cxd5 36. Qxe5+ Kg8 37. Bxd5 1-0